LEADER 01087nam--2200373---450- 001 990001564500203316 005 20060131090750.0 035 $a000156450 035 $aUSA01000156450 035 $a(ALEPH)000156450USA01 035 $a000156450 100 $a20040414d1984----km-y0itay0103----ba 101 $aita 102 $aIT 105 $aa|||||||001yy 200 1 $aCapolavori della pittura antica$fFondazione Magnani Rocca$ga cura di Vittorio Sgarbi 210 $aMilano$cMondadori$d1984 215 $a183 p.$cill.$d27 cm 410 0$12001 454 1$12001 461 1$1001-------$12001 606 0 $aPittura$xSec. 11. - 18.$yEsposizioni$z1984 676 $a759.01 702 1$aSGARBI,$bVittorio 710 02$aFondazione Magnani-Rocca$0514153 801 0$aIT$bsalbc$gISBD 912 $a990001564500203316 951 $aXII.2.A. 302(VII P 29)$b11955 L.M.$cVII P 959 $aBK 969 $aUMA 979 $aSIAV2$b10$c20040414$lUSA01$h1546 979 $aCOPAT6$b90$c20060131$lUSA01$h0907 996 $aCapolavori della pittura antica$9937615 997 $aUNISA LEADER 01295nam a2200349 i 4500 001 991001030239707536 005 20020507181940.0 008 960321s1983 us ||| | eng 020 $a0521289750 035 $ab10791401-39ule_inst 035 $aLE01305985$9ExL 040 $aDip.to Matematica$beng 082 0 $a512.2 084 $aAMS 22C05 084 $aAMS 22D10 084 $aAMS 22D12 100 1 $aRobert, Alain$0350118 245 10$aIntroduction to the representation theory of compact and locally compact groups /$cAlain Robert 260 $aCambridge :$bCambridge University Press,$c1983 300 $aviii, 205 p. :$bill. ;$c23 cm 490 0 $aLondon Mathematical Society lecture note series,$x0076-0552 ;$v80 500 $aBibliography: p. 202-203. 500 $aIncludes index 650 0$aCompact groups 650 0$aLocally compact groups 650 0$aRepresentations of groups 907 $a.b10791401$b23-02-17$c28-06-02 912 $a991001030239707536 945 $aLE013 22C05 ROB11 (1983)$g1$i2013000043968$lle013$o-$pE0.00$q-$rl$s- $t0$u0$v0$w0$x0$y.i10891985$z28-06-02 996 $aIntroduction to the representation theory of compact and locally compact groups$982553 997 $aUNISALENTO 998 $ale013$b01-01-96$cm$da $e-$feng$gus $h0$i1